000 00873nam a2200229 a 4500
001 48343
003 BD-RjUL
005 20211209054515.0
008 160813s1992 ii ||||| |||| 00| 0 ben d
020 _c: Tk. 80.00
035 _a(BD-RjUL)48462
040 _aBD-RjUL
_bben
_cBD-RjUL
041 _aben
082 _223
_a891.44409
_bSIG 1992
100 _aসিংহ, শুকদেব
_9122918
245 1 0 _aগৌড়ীয় বৈষ্ণব দর্শন ও সাহিত্য /
_cশুকদেব সিংহ
260 _aকলকাতা :
_bপুস্তক বিপণি,
_c১৯৯২
300 _a[৮], ২২৬ পৃ. ;
_c২২ সেমি
650 _aবাংলা প্রবন্ধ
_xইতিহাস ও সমালোচনা
_9120541
650 _aBengali Essays
_xHistory and Criticism
_9120542
942 _2ddc
_cBK
999 _c48343
_d48343